ARRUPE JESUIT UNIVERSITY

CORONAVIRUS -STOP THE SPREAD - CLEAN,DISINFECT,COVER

Chesterton, as seen by his contemporaries. (Record no. 118627)

MARC details
000 -LEADER
fixed length control field 00945cam a2200277 4500
001 - CONTROL NUMBER
control field 347207
003 - CONTROL NUMBER IDENTIFIER
control field ARRUPE
005 - DATE AND TIME OF LATEST TRANSACTION
control field 20131121172651.0
008 - FIXED-LENGTH DATA ELEMENTS--GENERAL INFORMATION
fixed length control field 700422r19691939nyua 001 0beng
010 ## - LIBRARY OF CONGRESS CONTROL NUMBER
LC control number 76092958
020 ## - INTERNATIONAL STANDARD BOOK NUMBER
International Standard Book Number 0838309682
040 ## - CATALOGING SOURCE
Original cataloging agency DLC
Transcribing agency DLC
Modifying agency DLC
050 00 - LIBRARY OF CONGRESS CALL NUMBER
Classification number PR4453.C4
Item number Z585 1969
082 00 - DEWEY DECIMAL CLASSIFICATION NUMBER
Classification number 828/.9/1209
-- B
300 ## - PHYSICAL DESCRIPTION
Other physical details illus.
Dimensions 23 cm.
100 1# - MAIN ENTRY--PERSONAL NAME
Personal name Clemens, Cyril,
Dates associated with a name 1902-1999.
9 (RLIN) 3636
245 10 - TITLE STATEMENT
Title Chesterton, as seen by his contemporaries.
Statement of responsibility, etc With introd. by E. C. Bentley.
260 ## - PUBLICATION, DISTRIBUTION, ETC. (IMPRINT)
Place of publication, distribution, etc New York,
Name of publisher, distributor, etc Haskell House Publishers,
Date of publication, distribution, etc 1969.
300 ## - PHYSICAL DESCRIPTION
Extent iv, 180 p.
350 ## - PRICE (NR) (BK AM CF MU VM SE) [OBSOLETE]
Price 7.95
500 ## - GENERAL NOTE
General note Reprint of the 1939 ed.
600 10 - SUBJECT ADDED ENTRY--PERSONAL NAME
Personal name Chesterton, G. K.
Fuller form of name (Gilbert Keith),
Dates associated with a name 1874-1936.
9 (RLIN) 3637
600 10 - SUBJECT ADDED ENTRY--PERSONAL NAME
Personal name Chesterton, G. K.
Fuller form of name (Gilbert Keith),
Dates associated with a name 1874-1936
General subdivision Contemporaries.
9 (RLIN) 3638
650 #0 - SUBJECT ADDED ENTRY--TOPICAL TERM
Topical term or geographic name as entry element Authors, English
Chronological subdivision 20th century
General subdivision Biography.
9 (RLIN) 3639
906 ## - LOCAL DATA ELEMENT F, LDF (RLIN)
a 7
b cbc
c orignew
d u
e ncip
f 19
g y-gencatlg
942 ## - ADDED ENTRY ELEMENTS (KOHA)
Source of classification or shelving scheme Library of Congress Classification
Koha item type Monograph ( Printed materials)
Holdings
Withdrawn status Lost status Source of classification or shelving scheme Damaged status Not for loan Home library Current library Date acquired Total Checkouts Full call number Barcode Date last seen Price effective from Koha item type
    Library of Congress Classification     ARRUPE LIBRARY ARRUPE LIBRARY 21/11/2013   PR4453.C4 Z585 1969 46408108 21/11/2013 21/11/2013 Monograph ( Printed materials)

 

Arrupe Library. PO Box MP320 Mt Pleasant, Harare, Zimbabwe
263 242 745411|librarian@aju.ac.zw